[Event "Hum na Sutli op 15th"]
[Site "Hum na Sutli"]
[Date "2023.08.29"]
[Round "5"]
[White "Globan, Tomislav"]
[Black "Radic, Goran"]
[Result "0-1"]
[WhiteElo "1922"]
[BlackElo "2048"]
[PlyCount "90"]
[EventDate "2023.08.26"]
[EventType "swiss"]
[EventRounds "9"]
[EventCountry "CRO"]
[SourceTitle "EXT 2024"]
[Source "ChessBase"]
[SourceDate "2023.10.10"]
[SourceVersion "1"]
[SourceVersionDate "2023.10.10"]
[SourceQuality "1"]

1. c4 Nf6 2. a3 e6 3. d4 d5 4. e3 b6 5. Nf3 Bb7 6. Be2 Nbd7 7. 0-0 a6 8. Nc3 Bd6 9. cxd5 exd5 10. h3 0-0 11. Nh2 Ne4 12. Nxe4 dxe4 13. f4 f5 14. Bc4+ Kh8 15. g3 Nf6 16. Bd2 b5 17. Be6 Bc8 18. Ba2 Qe8 19. Bc3 Qg6 20. Qe1 Bb7 21. Kh1 Bd5 22. Rg1 Bxa2 23. Rxa2 Qh5 24. Qf1 Nd5 25. Bd2 c5 26. g4 Qf7 27. gxf5 cxd4 28. Ra1 dxe3 29. Bc3 Nxc3 30. bxc3 Qxf5 31. Qg2 Rf7 32. a4 Raf8 33. axb5 axb5 34. Rgf1 Rf6 35. Ng4 Re6 36. Nxe3 Qc5 37. f5 Ree8 38. Qe2 Qxc3 39. Rac1 Qe5 40. Qg2 Qg3 41. Qxg3 Bxg3 42. Rb1 Re5 43. Rb4 h5 44. h4 Bxh4 45. Rf4 Bg5 0-1